1947 1867 1001 1597 1714 1429 1134 1729 1652 1191 1176 1171 1969 1680 1718 1536 1731 1289 1575 1553 1331 1201 1141 1354 1958 1818 1383 1960 1968 1598 1404 1350 1537 1868 1526 1402 1402 1321 1532 1336 1221 1622 1143 1956 1222 1797 1688 1761 1787 1336 1048 1169 1340 1993 1166 1361 1483 1992 1565 1738 1500 1413 1681 1412 1803 1780 1487 1300 1439 1700 1622 1994 1043 1732 1933 1394 1003 1620 1982 1152 1781 1634 1881 1094 1227 1926 1854 1955 1904 1505 1156 1268 1707 1845 1921 1472 1929 1969 1040 BCNSPRNW ULIB Ver.6.0+V

เปลี่ยนเป็นภาษาไทย

Change to English
 แสดงรายละเอียดบรรณานุกรม
  กลับหน้าหลัก

Brief Record : Get Marc (ISO 2709) : E-mail record : QR code < ปิดหน้าต่าง
LEADER : 00000nas 2200000uu 4500
001    13399126011
003     ULIB
008    180426s2559||||th 000 0 tha d
022 0  ^a19061137
245 00 ^aวารสารวิจัยสาธารณสุขศาสตร์ มหาวิทยาลัยขอนแก่น^bมหาวิทยาลัยขอนแก่น
310    ^aราย 6 เดือน
850 ^a ULIB^bปีที่ 9 ฉบับที่ 2 ฉ.1 ;ปีที่ 10 ฉบับที่ 4 ฉ.1 ;ปีที่ 9 ฉบับที่ 2 ฉ.1 ;ปีที่ 9 ฉบับที่ 3 ฉ.1 ;ปีที่ 10 ฉบับที่ 1 ฉ.1 ;ปีที่ 10 ฉบับที่ 2 ฉ.1 ;ปีที่ 10 ฉบับที่ 3 ฉ.1
856    ^aปีที่ 9 ฉบับที่ 2 ^bเมษายน-มิถุนายน^c2559
945    ^p0^l0^i904929
945    ^p0^l0^i904925
945    ^p0^l0^i904861
945    ^p0^l0^i904862
945    ^p0^l0^i904863
945    ^p0^l0^i904864
945    ^p0^l0^i904874
999    ^aประนอม เกษจรัล
รายการนี้ยังไม่มีแท็ก
คุณยังไม่ได้ล็อกอิน คุณสามารถมีกิจกรรมร่วมกับเว็บไซต์ได้ แต่ต้องล็อกอินก่อน ::
  ล็อกอิน

รายการสื่อสารสนเทศ (วารสาร)

ดูแบบ: กล่อง รายการ
ARRIVED
ปีที่ 9 ฉบับที่ 2 ฉ.1
สถานที่: ห้องสมุดวิทยาเขตสวรรค์ประชารักษ์ >วารสาร
ARRIVED
ปีที่ 9 ฉบับที่ 3 ฉ.1
สถานที่: ห้องสมุดวิทยาเขตสวรรค์ประชารักษ์ >วารสาร
ARRIVED
ปีที่ 10 ฉบับที่ 1 ฉ.1
สถานที่: ห้องสมุดวิทยาเขตสวรรค์ประชารักษ์ >วารสาร
ARRIVED
ปีที่ 10 ฉบับที่ 2 ฉ.1
สถานที่: ห้องสมุดวิทยาเขตสวรรค์ประชารักษ์ >วารสาร
ARRIVED
ปีที่ 10 ฉบับที่ 3 ฉ.1
สถานที่: ห้องสมุดวิทยาเขตสวรรค์ประชารักษ์ >หนังสือพิมพ์
ARRIVED
ปีที่ 10 ฉบับที่ 4 ฉ.1
สถานที่: ห้องสมุดวิทยาเขตสวรรค์ประชารักษ์ >วารสาร

BibComment


ยังไม่เคยถูกคอมเมนท์

คอมเมนท์ทรัพยากรรายการนี้
  คอมเมนท์: วารสารวิจัยสาธาร..


 Copyright 2026. Bcnsprnw @Library